New headway advanced student's book. / (Record no. 2603)
[ view plain ]
| 000 -LEADER | |
|---|---|
| fixed length control field | 00594nam a22001337a 4500 |
| 008 - FIXED-LENGTH DATA ELEMENTS--GENERAL INFORMATION | |
| fixed length control field | 121128t xxu||||| |||| 00| 0 eng d |
| 020 ## - INTERNATIONAL STANDARD BOOK NUMBER | |
| International Standard Book Number | 9780194369305 |
| 100 ## - MAIN ENTRY--PERSONAL NAME | |
| Personal name | Soars, Liz. |
| 245 ## - TITLE STATEMENT | |
| Title | New headway advanced student's book. / |
| Statement of responsibility, etc. | Liz Soars |
| 260 ## - PUBLICATION, DISTRIBUTION, ETC. | |
| Place of publication, distribution, etc. | New York: |
| Name of publisher, distributor, etc. | Oxford University Press, |
| 300 ## - PHYSICAL DESCRIPTION | |
| Extent | 160 p. |
| Other physical details | ill. : |
| Dimensions | 26cm. |
| 505 ## - FORMATTED CONTENTS NOTE | |
| Formatted contents note | Contents: Our land is your land! -- Never lost for words! -- Big business -- Celebrity -- Love is... -- Newspeak -- Words of wisdom -- Altered images -- History lessons -- The Body beautiful -- The ends of the earth -- Life goes on. |
| 942 ## - ADDED ENTRY ELEMENTS (KOHA) | |
| Source of classification or shelving scheme | Library of Congress Classification |
| Koha item type | Books |
| Withdrawn status | Lost status | Source of classification or shelving scheme | Damaged status | Not for loan | Home library | Current library | Shelving location | Date acquired | Total Checkouts | Barcode | Date last seen | Copy number | Price effective from | Koha item type |
|---|---|---|---|---|---|---|---|---|---|---|---|---|---|---|
| Library of Congress Classification | WISCONSIN INTERNATIONAL UNIVERSITY COLLEGE, GHANA - MAIN LIBRARY | WISCONSIN INTERNATIONAL UNIVERSITY COLLEGE, GHANA - MAIN LIBRARY | Reference | 28/11/2012 | 6526/12 | 28/11/2012 | 1 | 28/11/2012 | Books | |||||
| Library of Congress Classification | WISCONSIN INTERNATIONAL UNIVERSITY COLLEGE, GHANA - MAIN LIBRARY | WISCONSIN INTERNATIONAL UNIVERSITY COLLEGE, GHANA - MAIN LIBRARY | Reference | 28/11/2012 | 6525/12 | 28/11/2012 | 2 | 28/11/2012 | Books |
